IFM Opac

BRITISH BANKING:CHANGES AND CHALLENGES (Record no. 19823)

MARC details
000 -LEADER
fixed length control field 00272nam a22001097a 4500
082 ## - DEWEY DECIMAL CLASSIFICATION NUMBER
Classification number 332.1INS
100 ## - MAIN ENTRY--PERSONAL NAME
Personal name R . J CLARK,FBI
245 ## - TITLE STATEMENT
Title BRITISH BANKING:CHANGES AND CHALLENGES
260 ## - PUBLICATION, DISTRIBUTION, ETC.
Place of publication, distribution, etc. LONDON
Name of publisher, distributor, etc. THE INSTITUTE OF BANKERS
Date of publication, distribution, etc. 1968
300 ## - PHYSICAL DESCRIPTION
Extent 46p.
Other physical details ill;21cm
942 ## - ADDED ENTRY ELEMENTS (KOHA)
Koha item type Books
Holdings
Withdrawn status Lost status Damaged status Not for loan Home library Current library Shelving location Date acquired Total Checkouts Full call number Barcode Date last seen Price effective from Koha item type
        IFM Main Campus Library IFM Main Campus Library Archival Collection 05/15/2015   332.1 INS 0000010204 08/14/2018 02/19/2022 Books